Managerial economics (Record no. 107970)
[ view plain ]
| 000 -LEADER | |
|---|---|
| fixed length control field | 01171nam a2200241Ia 4500 |
| 003 - CONTROL NUMBER IDENTIFIER | |
| control field | OSt |
| 005 - DATE AND TIME OF LATEST TRANSACTION | |
| control field | 20230622143547.0 |
| 008 - FIXED-LENGTH DATA ELEMENTS--GENERAL INFORMATION | |
| fixed length control field | 210210b2006 xxu||||| |||| 00| 0 eng d |
| 020 ## - INTERNATIONAL STANDARD BOOK NUMBER | |
| International Standard Book Number | 978-0195676938 |
| 040 ## - CATALOGING SOURCE | |
| Transcribing agency | AL |
| 041 ## - LANGUAGE CODE | |
| Language code of text/sound track or separate title | English |
| 082 ## - DEWEY DECIMAL CLASSIFICATION NUMBER | |
| Classification number | 658.001 DAMM |
| 100 ## - MAIN ENTRY--PERSONAL NAME | |
| Personal name | Suma Damodaran |
| 9 (RLIN) | 124532 |
| 245 ## - TITLE STATEMENT | |
| Title | Managerial economics |
| 260 ## - PUBLICATION, DISTRIBUTION, ETC. | |
| Place of publication, distribution, etc. | N D |
| Name of publisher, distributor, etc. | Oxford University Press |
| Date of publication, distribution, etc. | 2006 |
| 300 ## - PHYSICAL DESCRIPTION | |
| Extent | x,493 |
| 520 ## - SUMMARY, ETC. | |
| Summary, etc. | Managerial Economics is a comprehensive textbook that is specially designed to meet the needs of students pursuing Masters in Business Administration/Postgraduate Diploma in Management. Users will find this book highly useful for its coverage of managerial decision-making for the firm in relation to the consumer, production, and costs. It would also cover firm behaviour under monopolistic and oligopolistic market conditions and study long-term investment and risk-analysis. These are analysed through statistical and mathematical tools, caselets, tables, and diagrams. |
| 650 ## - SUBJECT ADDED ENTRY--TOPICAL TERM | |
| Topical term or geographic name entry element | Business Economics |
| 9 (RLIN) | 124533 |
| 690 ## - LOCAL SUBJECT ADDED ENTRY--TOPICAL TERM (OCLC, RLIN) | |
| Topical term or geographic name as entry element | Managerial Economics |
| 9 (RLIN) | 124534 |
| 700 ## - ADDED ENTRY--PERSONAL NAME | |
| Personal name | DAMODARAN (Suma) |
| 9 (RLIN) | 124535 |
| 906 ## - LOCAL DATA ELEMENT F, LDF (RLIN) | |
| a | 060753 |
| 942 ## - ADDED ENTRY ELEMENTS (KOHA) | |
| Source of classification or shelving scheme | Dewey Decimal Classification |
| Koha item type | Book |
| Withdrawn status | Lost status | Damaged status | Not for loan | Collection code | Home library | Current library | Shelving location | Date acquired | Source of acquisition | Cost, normal purchase price | Total Checkouts | Full call number | Barcode | Date last seen | Price effective from | Koha item type | Source of classification or shelving scheme | Cost, replacement price |
|---|---|---|---|---|---|---|---|---|---|---|---|---|---|---|---|---|---|---|
| St Aloysius Library | St Aloysius Library | 02/17/2021 | Higginbothams Pvt. Ltd. Mangalore 01 | 225.00 | 658.001 DAMM | 060753 | 02/17/2021 | 02/17/2021 | Book | |||||||||
| Management | St Aloysius Library | St Aloysius Library | 06/16/2023 | 658.001 DAMM | D05842 | 06/22/2023 | 06/22/2023 | Donated Books | Dewey Decimal Classification | 225.00 |